Central Library OPAC University of Rajshahi

Agricultural equipment financing / (Record no. 73351)

MARC details
000 -LEADER
fixed length control field 00900nam a2200241 a 4500
001 - CONTROL NUMBER
control field 73351
003 - CONTROL NUMBER IDENTIFIER
rucl marc code BD-RjUL
005 - DATE AND TIME OF LATEST TRANSACTION
control field 20211209082402.0
008 - FIXED-LENGTH DATA ELEMENTS--GENERAL INFORMATION
fixed length control field 170530s1955 nyu 000 0 eng u
035 ## - SYSTEM CONTROL NUMBER
System control number (BD-RjUL)73569
040 ## - CATALOGING SOURCE
Original cataloging agency MnSU
Language of cataloging eng
Transcribing agency CaOTULAS
Modifying agency BD-RjUL
041 ## - LANGUAGE CODE
Language code of text/sound track or separate title eng
082 ## - DEWEY DECIMAL CLASSIFICATION NUMBER
Edition number 23
Classification number 631.3
Author mark and year DIA 1955
100 1# - MAIN ENTRY--PERSONAL NAME
Personal name Diesslin, Howard Gustaf,
Dates associated with a name 1921-
9 (RLIN) 216961
245 10 - TITLE STATEMENT
Title Agricultural equipment financing /
Statement of responsibility, etc. Howard Gustaf Diesslin
260 ## - PUBLICATION, DISTRIBUTION, ETC. (IMPRINT)
Place of publication, distribution, etc. New York :
Name of publisher, distributor, etc. Financial Research Program. National Bureau of Economic Research,
Date of publication, distribution, etc. 1955.
300 ## - PHYSICAL DESCRIPTION
Pagination 95 p. ;
Size 24 cm
490 1# - SERIES STATEMENT
Series statement National Bureau of Economic Research. Occasional paper ;
Volume/sequential designation 50
650 #0 - SUBJECT ADDED ENTRY--TOPICAL TERM
Topical term or geographic name as entry element Agricultural equipment
9 (RLIN) 216962
Topical term or geographic name as entry element Agricultural machinery industry
General subdivision Trade and manufacture
Geographic subdivision United States.
9 (RLIN) 216963
830 #0 - SERIES ADDED ENTRY--UNIFORM TITLE
Uniform title Occasional paper (National Bureau of Economic Research) ;
Volume number/sequential designation 50.
942 ## - ADDED ENTRY ELEMENTS (KOHA)
Source of classification or shelving scheme Dewey Decimal Classification
Koha item type Books
Holdings
Lost status Source of classification or shelving scheme Damaged status Not for loan Collection code Permanent Location Current Location Shelving location Date acquired Source of acquisition Total Checkouts Full call number Date last seen Copy number Koha item type
  Dewey Decimal Classification   Not For Loan Non-fiction Central Library, University of Rajshahi Central Library, University of Rajshahi Reading Room 03/06/2017 Author   631.3 DIA 1955 30/05/2017 C-1 Books